Técnicas Prácticas de Respiración : (Record no. 23020)

000 -CABECERA
fixed length control field 01238nam a22002657i 4500
003 - IDENTIFICADOR DEL NÚMERO DE CONTROL
control field AR-CdUCM
008 - DATOS DE LONGITUD FIJA--INFORMACIÓN GENERAL
fixed length control field 240909b20222022spa||||| |||| 00| 0 spa d
020 ## - NÚMERO INTERNACIONAL ESTÁNDAR DEL LIBRO
ISBN 978-84-9917-367-2
040 ## - FUENTE DE LA CATALOGACIÓN
Agencia/entidad que catalogó originalmente la obra MUNICIPALIDAD PROVINCIAL DEL CUSCO
Entidad que transcribió la catalogación BIBLIOTECA MUNICIPAL DEL CUSCO
082 ## - NÚMERO DE LA CLASIFICACIÓN DECIMAL DEWEY
No. de la edición
No. de Clasificación 622 / L34
Notacion interna L34
100 ## - ENTRADA PRINCIPAL--NOMBRE DE PERSONA
Nombre Personal Leblanc, Alexandra
245 ## - MENCIÓN DE TÍTULO
Título Técnicas Prácticas de Respiración :
Resto del título Ejercicios para aprender a respirar bien y descubrir sus beneficios para la salud /
260 ## - PUBLICACIÓN, DISTRIBUCIÓN, ETC.
Lugar de publicación, distribución, etc. Barcelona :
Nombre de la editorial, distribuidor, etc. Redbook ediciones S.l. Barcelona
Fecha de publicación, distribución, etc. 2022
300 ## - DESCRIPCIÓN FÍSICA
Nº de Páginas Extensión 155 Páginas. :
Dimensiones 21.5 cm
500 ## - NOTA GENERAL
Bibliografía Bibliografía: página 155
505 ## - NOTA DE CONTENIDO CON FORMATO
Nota de contenido formateada La respiración, generadora de energía vital -- La respiración que nos mueve -- Estructuras de la respiración -- Como afecta el estrés diario a la respiración -- La apertura del cuerpo hacia la respiración -- Respiración mas profunda -- Prestar atención a la respiración
650 ## - PUNTO DE ACCESO ADICIONAL DE MATERIA--TÉRMINO DE MATERIA
Descriptor Respiración
9 (RLIN) 20006
650 ## - PUNTO DE ACCESO ADICIONAL DE MATERIA--TÉRMINO DE MATERIA
Descriptor Técnicas de respiración
9 (RLIN) 50292
650 ## - PUNTO DE ACCESO ADICIONAL DE MATERIA--TÉRMINO DE MATERIA
Descriptor Prácticas de respiración
9 (RLIN) 50293
650 ## - PUNTO DE ACCESO ADICIONAL DE MATERIA--TÉRMINO DE MATERIA
Descriptor Estimulación de la respiración
9 (RLIN) 50294
650 ## - PUNTO DE ACCESO ADICIONAL DE MATERIA--TÉRMINO DE MATERIA
Descriptor Importancia de la respiración
9 (RLIN) 50646
942 ## - ELEMENTOS DE PUNTO DE ACCESO ADICIONAL (KOHA)
Fuente de clasificación
Tipo de item Libros-BMC
945 ## - PROCESAMIENTO DE INFORMACIÓN LOCAL (OCLC)
Catalogador pbj
AAAA-MM-DD - Fecha de ingreso o modificacion 2024-09-09
Holdings
Estado de retiro (separado) Fuente de clasificación o esquema de estanterías Estado dañado Ubicación Sala donde se ubica Nombre de la colección Fecha de adquisición o compra Fuente de adquisición Costo, precio normal en soles Signatura topográfica Código de Barras Última vez visto (Koha) Tipo de ítem (Koha)
No     Sala Ciencias Sala Ciencias Book Cart 2024-09-09 Donación 20.00 622 / L34 SC0000002381 2024-09-09 Libros-BMC

Powered by Koha